000 00360nam a22001337a 4500
999 _c2242
_d2242
008 200218b ||||| |||| 00| 0 eng d
020 _a81-7649-610-3
100 _91829
_aAgrawal, Shyam K.
245 1 0 _aHeat and mass transfer/
_cby Shyam K. Agrawal
260 _aNew-Delhi
_bViva Books
_c2006
300 _axiv,435p.
650 0 _aHeat Transmission
942 _cBK